Statistics for Градове в България с най-голямо население

Click here to take the quiz!

General Stats

  • This quiz has been taken 790 times
    (140 since last reset)
  • The average score is 21 of 32

Answer Stats

граднаселение% Correct
София1 190 256
100%
Варна311 093
100%
Бургас188 242
100%
Пловдив321 824
100%
Русе123 134
93%
Велико Търново59 166
86%
Видин34 797
85%
Стара Загора121 582
84%
Плевен90 209
83%
Благоевград62 254
77%
Шумен67 300
73%
Перник66 991
70%
Враца49 569
69%
Добрич71 947
68%
Кърджали40 937
68%
Сливен79 362
67%
Пазарджик55 220
66%
Монтана36 633
66%
Ямбол60 641
65%
Габрово44 786
62%
Силистра27 727
59%
Ловеч27 910
59%
Кюстендил35 100
55%
Хасково64 564
55%
Търговище32 957
54%
Разград28 509
52%
Казанлък41 768
47%
Асеновград45 473
35%
Петрич26 093
26%
Димитровград31 187
23%
Дупница26 973
22%
Горна Оряховица25 764
19%

Score Distribution

Percentile by Number Answered

Percent of People with Each Score

Your Score History

You have not taken this quiz since the last reset